[Event "Copenhagen Chess Challenge 2013"]
[Site "Ballerup"]
[Date "2013.??.??"]
[Round "9"]
[White "Andersen, Troels Baekgaard"]
[Black "Karlsson, Robin"]
[Result "1-0"]
[WhiteElo "1837"]
[BlackElo "1947"]
[PlyCount "87"]
[EventDate "2013.??.??"]
[EventType "swiss"]
[EventRounds "9"]
[EventCountry "DEN"]

1. d4 Nf6 2. c4 g6 3. Nc3 Bg7 4. g3 O-O 5. Bg2 d6 6. Nf3 Nc6 7. O-O a6 8. e4
Bg4 9. h3 Bxf3 10. Bxf3 Nd7 11. Be3 Na5 12. Be2 c5 13. Rc1 Nc6 14. dxc5 Nxc5
15. f3 Qa5 16. a3 Ne6 17. f4 Bd4 18. Bxd4 Nexd4 19. Nd5 e6 20. Ne7+ Nxe7 21.
Qxd4 Nc6 22. Qe3 Qc5 23. Kf2 a5 24. Rfd1 Rfd8 25. Rc2 e5 26. Qxc5 dxc5 27. Rd5
Nd4 28. Rc3 Rxd5 29. cxd5 exf4 30. gxf4 b6 31. h4 Re8 32. e5 h5 33. Bd3 Kf8 34.
b4 Rd8 35. bxc5 Rxd5 36. cxb6 Nb5 37. b7 Nxc3 38. b8=Q+ Kg7 39. Ba6 Nd1+ 40.
Kf3 Rd2 41. Qb6 a4 42. Qf6+ Kg8 43. Bc4 Rd7 44. e6 1-0

[Event "Copenhagen Chess Challenge 2013"]
[Site "Ballerup"]
[Date "2013.??.??"]
[Round "9"]
[White "Vyvyan, Philippe"]
[Black "Martins, David Pires Tavares"]
[Result "0-1"]
[WhiteElo "1709"]
[BlackElo "2183"]
[PlyCount "78"]
[EventDate "2013.??.??"]
[EventType "swiss"]
[EventRounds "9"]
[EventCountry "DEN"]

1. Nf3 e6 2. c4 b6 3. g3 Bb7 4. Bg2 f5 5. d4 Nf6 6. O-O Be7 7. Bf4 O-O 8. Nc3
d6 9. a3 Qe8 10. d5 e5 11. Bc1 Qh5 12. Ng5 Ng4 13. Nh3 Nd7 14. f3 Nh6 15. e4
Qg6 16. b4 a5 17. Rb1 Nf7 18. exf5 Qxf5 19. Ne4 Nf6 20. Bd2 axb4 21. axb4 b5
22. Qc2 Kh8 23. g4 Qg6 24. g5 Nh5 25. Ra1 h6 26. Rxa8 Bxa8 27. cxb5 Bxd5 28.
Qxc7 Bd8 29. Qc1 hxg5 30. Nhxg5 Nxg5 31. Nxg5 Rf4 32. Nh3 Bxf3 33. Rf2 Bb6 34.
Be3 Bxg2 35. Qc8+ Kh7 36. Ng5+ Qxg5 37. h4 Qg6 38. Rxg2 Bxe3+ 39. Kh2 Rxh4+ 0-1

[Event "Copenhagen Chess Challenge 2013"]
[Site "Ballerup"]
[Date "2013.??.??"]
[Round "9"]
[White "Andersen, Rune Egede"]
[Black "Andersen, Daniel"]
[Result "1-0"]
[WhiteElo "2069"]
[BlackElo "1935"]
[PlyCount "35"]
[EventDate "2013.??.??"]
[EventType "swiss"]
[EventRounds "9"]
[EventCountry "DEN"]

1. e4 e6 2. d4 d5 3. exd5 exd5 4. Nf3 Bg4 5. h3 Bh5 6. Qe2+ Qe7 7. Be3 Nc6 8.
Nc3 O-O-O 9. O-O-O Nf6 10. g4 Bg6 11. Ne5 Nxe5 12. dxe5 Qxe5 13. f4 Qe6 14. f5
Bxf5 15. gxf5 Qxf5 16. h4 Kb8 17. Bh3 Qe5 18. Bxa7+ 1-0

[Event "Copenhagen Chess Challenge 2013"]
[Site "Ballerup"]
[Date "2013.??.??"]
[Round "9"]
[White "Orio, Lars"]
[Black "Undheim, Bjarne"]
[Result "0-1"]
[WhiteElo "1936"]
[BlackElo "1836"]
[PlyCount "160"]
[EventDate "2013.??.??"]
[EventType "swiss"]
[EventRounds "9"]
[EventCountry "DEN"]

1. e4 d5 2. exd5 Nf6 3. c4 c6 4. d4 cxd5 5. Nc3 Nc6 6. c5 g6 7. Nf3 Bg7 8. Be2
O-O 9. O-O Ne4 10. Be3 f5 11. Qc1 e5 12. Nxe4 dxe4 13. Nxe5 Nxd4 14. Bxd4 Qxd4
15. Bc4+ Kh8 16. Nf7+ Kg8 17. Nh6+ Kh8 18. Nf7+ Kg8 19. Ng5+ Kh8 20. Nf7+ Kg8
21. Nd6+ Kh8 22. Bb3 h6 23. Rb1 Rb8 24. Rd1 Qf6 25. Qc4 Kh7 26. Nxc8 Rbxc8 27.
Rd7 b6 28. Rxa7 Rxc5 29. Qe2 Rfc8 30. Rd1 Rc1 31. Rad7 Rxd1+ 32. Bxd1 Rc1 33.
Qd2 Rb1 34. g3 Rxb2 35. Qd5 Qc3 36. Kf1 e3 37. fxe3 Qxe3 38. Rxg7+ Kxg7 39.
Qd7+ Kf8 40. Qd8+ Kf7 41. Bb3+ Rxb3 42. axb3 Qxb3 43. Qd7+ Kf6 44. Qd4+ Ke7 45.
Qe5+ Qe6 46. Qg7+ Kd6 47. Qxh6 b5 48. Qf8+ Kc6 49. Qa8+ Kc5 50. Qa7+ Kb4 51.
Qg7 Kb3 52. Qa1 Qc4+ 53. Kg2 Qc2+ 54. Kh3 g5 55. Qg1 b4 56. Qe3+ Ka2 57. Qxg5
b3 58. Qg6 Qd3 59. Qc6 b2 60. Qa4+ Qa3 61. Qc4+ Qb3 62. Qa6+ Kb1 63. Qf1+ Ka2
64. Qa6+ Qa3 65. Qc4+ Ka1 66. Qd4 f4 67. Kg2 Qe3 68. Qa4+ Kb1 69. Qd1+ Qc1 70.
Qd4 Kc2 71. Qe4+ Kc3 72. Qe5+ Kb4 73. Qb8+ Ka3 74. Qa7+ Kb3 75. Qb7+ Kc2 76.
Qe4+ Kb3 77. Qb7+ Ka2 78. Qa7+ Kb1 79. Qd4 Qc2+ 80. Kh3 f3 0-1

[Event "Copenhagen Chess Challenge 2013"]
[Site "Ballerup"]
[Date "2013.??.??"]
[Round "9"]
[White "Haagen Larsen, Hans"]
[Black "Henriksen, Christian Steen"]
[Result "0-1"]
[WhiteElo "1745"]
[BlackElo "1814"]
[PlyCount "60"]
[EventDate "2013.??.??"]
[EventType "swiss"]
[EventRounds "9"]
[EventCountry "DEN"]

1. d4 Nf6 2. Nf3 g6 3. Bf4 Bg7 4. e3 d6 5. h3 Nbd7 6. Be2 O-O 7. Nbd2 c5 8. c3
a6 9. a4 Rb8 10. dxc5 Nxc5 11. O-O Qb6 12. b4 Nce4 13. Nc4 Qd8 14. Qc2 Be6 15.
Ncd2 Nxd2 16. Nxd2 Nd5 17. Ra3 Rc8 18. Ne4 Bf5 19. c4 Nxb4 20. Qb1 a5 21. g4
Bd7 22. Rd1 Be5 23. Bxe5 dxe5 24. c5 Qc7 25. Bb5 Bc6 26. Rc3 Rcd8 27. Rxd8 Rxd8
28. Bc4 h6 29. Bb5 Qd7 30. Bc4 Qd1+ 0-1